| 000 | 00373 a2200145 4500 | ||
|---|---|---|---|
| 005 | 20250416091837.0 | ||
| 020 | _a0-17-761057-3 | ||
| 082 | _a657.3 LEE | ||
| 100 | _aLEE, G. A. | ||
| 245 | _aModern Financial Accounting . | ||
| 250 | _a3rd Ed. | ||
| 260 |
_aCanada, _bThomas Nelson and Sons Ltd, _c1981. |
||
| 300 |
_aix,543p.:Ill.;figures _bIndex _c24cm. |
||
| 942 |
_2ddc _cBKS |
||
| 999 |
_c1505 _d1505 |
||